• 首页
  • 本馆介绍
  • 公告通知
  • 最新文献
  • 馆藏检索
  • 电子资源
  • 读者导购
  • 参考咨询
  • 我的图书馆
  • 登录
  • 详细信息显示
  • 放入我的书架
  • 预约/预借图书
  • 作者相关作品
  • 分类相关作品
  • 丛书相关作品
  • 出版社相关作品

书目信息

  • 表格格式
  • 工作单格式
  • 卡片格式
题名:
英语句型转换1000例
    
 
作者: 徐士珍 编著
分册:  
出版信息: 郑州   河南人民出版社  1981
页数: 216页
开本: 19cm
丛书名:
单 册:
中图分类: H315.3
科图分类:
主题词: 英语-句型-转换(语言学) , 英语 , 转换(语言学)-句型-英语 , 句型-英语-转换(语言学)
电子资源:
ISBN:
000 00758nam0 2200277 45
001 0181005819
005 20060925105339.04
010    @dCNY0.53
091    @a7105.190
100    @a19950605d1981 em y0chiy0121 ea
101 0  @achi
102    @aCN@b410000
105    @ay z 000yy
200 10 @a英语句型转换1000例@Aying yu ju xing zhuan huan1000 li@f徐士珍编著
205    @a2版(修订本)
210    @a郑州@c河南人民出版社@d1981
215    @a216页@d19cm
606    @a英语-句型-转换(语言学)
606 0  @a英语
606    @a转换(语言学)-句型-英语
606    @a句型-英语-转换(语言学)
690    @aH315.3
701  0 @a徐士珍@Axu shi zhen@4编著
801  0 @aCN@b上海图书馆@c20060925
801  2 @aCN@bNLC@c20060808
905    @f9@b65002-010@dH315.3@e13
    
    英语句型转换1000例/徐士珍编著.-2版(修订本).-郑州:河南人民出版社,1981
    216页;19cm
    
    
    ISBN :CNY0.53
    
●
相关链接 在E读中查询图书 在五车中查询图书 在当当中查询图书 在豆瓣中查询图书


正题名:英语句型转换1000例     索取号:H315.3/13         预约/预借

序号 登录号 条形码 馆藏地/架位号 状态 备注
1 0065002   001702633   第四借阅区/ [索取号:H315.3/13] 在馆    
2 0065003   001369325   第四借阅区/ [索取号:H315.3/13] 在馆    
3 0065004   001369281   第四借阅区/ [索取号:H315.3/13] 在馆    
4 0065005   001368610   第四借阅区/ [索取号:H315.3/13] 在馆    
5 0065006   001702642   第四借阅区/ [索取号:H315.3/13] 在馆    
6 0065007   001369361   第四借阅区/ [索取号:H315.3/13] 在馆    
7 0065008   001369352   第四借阅区/ [索取号:H315.3/13] 在馆    
8 0065009   001702679   第四借阅区/ [索取号:H315.3/13] 在馆    
9 0065010   001368656   第四借阅区/ [索取号:H315.3/13] 在馆    
10 0065011   001369343   第二样本阅览室/ [索取号:H315.3/13] 在馆    
11 0422670   204226701   密集书库/ [索取号:H315.3/13] 在馆    
12 0452974   204529741   密集书库/ [索取号:H315.3/13] 在馆    
13 0452975   204529750   密集书库/ [索取号:H315.3/13] 在馆    
14 0452976   204529769   密集书库/ [索取号:H315.3/13] 在馆    
15 0452977   204529778   密集书库/ [索取号:H315.3/13] 在馆    
16 0452978   204529787   密集书库/ [索取号:H315.3/13] 在馆    
17 0452979   204529796   密集书库/ [索取号:H315.3/13] 在馆    
18 0452980   204529803   密集书库/ [索取号:H315.3/13] 在馆    
19 0452981   204529812   密集书库/ [索取号:H315.3/13] 在馆    
唐山师范学院图书馆 欢迎您!
大连网信软件有限公司© 版权所有